书目信息 |
| 题名: |
现代广告学
|
|
| 作者: | 苗杰 主编 | |
| 分册: | ||
| 出版信息: | 北京 中国人民大学出版社 1994 |
|
| 页数: | 309页 | |
| 开本: | 20cm | |
| 丛书名: | ||
| 单 册: | ||
| 中图分类: | F713.8 | |
| 科图分类: | ||
| 主题词: | 广告学 | |
| 电子资源: | ||
| ISBN: | 7-300-01807-6 | |
| 000 | 00559nam0 2200205 45 | |
| 001 | 0194027403 | |
| 005 | 20070709090153.37 | |
| 010 | @a7-300-01807-6@dCNY9.80 | |
| 100 | @a19940713d1994 emky0chiy0121 ea | |
| 101 | 0 | @achi |
| 102 | @aCN@b110000 | |
| 105 | @af z 000yy | |
| 200 | 10 | @a现代广告学@AXIAN DAI GUANG GAO XUE@f苗杰主编@Fmiao jie zhu bian |
| 210 | @a北京@c中国人民大学出版社@d1994 | |
| 215 | @a309页@d20cm | |
| 606 | @a广告学 | |
| 690 | @aF713.8@v4 | |
| 701 | 0 | @a苗杰@Amiao jie@4主编 |
| 801 | 0 | @aCN@bTSSF@c20070709 |
| 905 | @a10447@dF713.8@e144 | |
| 现代广告学/苗杰主编.-北京:中国人民大学出版社,1994 |
| 309页;20cm |
| ISBN 7-300-01807-6:CNY9.80 |
| ● |
| 相关链接 |
|
|
|
|
正题名:现代广告学
索取号:F713.8/144
 
预约/预借
| 序号 | 登录号 | 条形码 | 馆藏地/架位号 | 状态 | 备注 |
| 1 | 0766033 | 207660333 | 第一样本阅览室/ [索取号:F713.8/144] | 在馆 |